000 00922cam a2200217 4500
001 L136594
008 070209n2005 000 0 eng u
035 _a(Sirsi) u136594
041 0 _aeng
100 1 _aAllen, Stephen
245 0 0 _aDeveloping a framework to evaluate industry/higher education engagament
_h[electronic resource]
260 _aLondon
_bRICS
_c2005
490 0 _aCOBRA
_v2005
520 _aDiscusses how exposure to industry practice and work experience is beneficial to students in their preparation for entering the construction industry, and how government education policy in the UK encourages engagement in construction.
590 _aKA
651 4 _aUnited Kingdom
_y
690 _aCAREERS, EDUCATION AND TRAINING
700 1 _aWilliams, Aled
856 4 0 _uhttps://www.rics.org/site/scripts/download_info.aspx?downloadID=2615
_zView the item free of charge at www.rics.org...
942 _n0
999 _c106446
_d106446